Roméo et Juliette (Record no. 196119)
[ view plain ]
| 000 -LEADER | |
|---|---|
| campo de control de longitud fija | 02903njm a2200577 i 4500 |
| 001 - NÚMERO DE CONTROL | |
| campo de control | 196119 |
| 003 - IDENTIFICADOR DE NÚMERO DE CONTROL | |
| campo de control | ES-MaACL |
| 005 - FECHA Y HORA DE LA ÚLTIMA TRANSACCIÓN | |
| campo de control | 20250905063059.0 |
| 007 - CAMPO FIJO DE DESCRIPCIÓN FÍSICA--INFORMACIÓN GENERAL | |
| campo de control de longitud fija | sd*fsngnnmmned |
| 008 - DATOS DE LONGITUD FIJA--INFORMACIÓN GENERAL | |
| campo de control de longitud fija | 240209e2007 sp op|||rd / | fre |
| 015 ## - NÚMERO DE BIBLIOGRAFÍA NACIONAL | |
| Número de bibliografía nacional | SON07 |
| 017 ## - NÚMERO DE COPYRIGHT O DE DEPÓSITO LEGAL | |
| Número de copyright o de depósito legal | M 35014-2007 |
| Agencia que asigna | Oficina Depósito Legal Madrid |
| 020 ## - NÚMERO INTERNACIONAL ESTÁNDAR DEL LIBRO | |
| Número Internacional Estándar del Libro | 978-84-96832-81-7 |
| 035 ## - NÚMERO DE CONTROL DEL SISTEMA | |
| Número de control de sistema | (OCoLC)431114269 |
| 035 ## - NÚMERO DE CONTROL DEL SISTEMA | |
| Número de control de sistema | (SpMaBN)a4580576 |
| 040 ## - FUENTE DE CATALOGACIÓN | |
| Centro catalogador/agencia de origen | SpMaBN |
| Lengua de catalogación | spa |
| Centro/agencia transcriptor | SpMaBN |
| Normas de descripción | rdc |
| 100 1# - ENTRADA PRINCIPAL--NOMBRE DE PERSONA | |
| Nombre de persona | Gounod, Charles, |
| Fechas asociadas al nombre | 1818-1893 |
| Término indicativo de función/relación | Compositor |
| 9 (RLIN) | 240526 |
| 240 10 - TÍTULO UNIFORME | |
| Título uniforme | Roméo et Juliette |
| 245 10 - MENCIÓN DEL TÍTULO | |
| Título | Roméo et Juliette |
| Medio | [Grabación sonora] / |
| Mención de responsabilidad, etc. | Gounod ; libreto de Jules Barbier y Michel Carré |
| 260 ## - PUBLICACIÓN, DISTRIBUCIÓN, ETC. | |
| Lugar de publicación, distribución, etc. | Madrid : |
| Nombre del editor, distribuidor, etc. | Prisa Innova, |
| Fecha de publicación, distribución, etc. | [2007] |
| 300 ## - DESCRIPCIÓN FÍSICA | |
| Extensión | 2 CD + |
| Material acompañante/anejo | 1 libro (74 páginas) |
| 336 ## - TIPO DE CONTENIDO | |
| Fuente | rdacontent |
| Término de tipo de contenido | música (interpretada) |
| 337 ## - TIPO DE MEDIO | |
| Fuente | rdamedia |
| Nombre/término del tipo de medio | audio |
| 338 ## - TIPO DE SOPORTE | |
| Fuente | rdacarrier |
| Nombre/término del tipo de soporte | volumen |
| 490 1# - MENCIÓN DE SERIE | |
| Mención de serie | Los clásicos de la ópera, 400 años ; |
| Designación de volumen o secuencia | 36 |
| 511 1# - NOTA DE PARTICIPANTES O INTÉRPRETES | |
| Nota de participantes o intérpretes | Raoul Jobin, Janine Micheau, Odette Ricquier, Heinz Rehfuss, Charles Cambon, Louis Rialland, Pierre Mollet, André Phillippe, Claudine Collart, Camille Roquetty ; Coro y Orquesta del Teatro Nacional de la Ópera de París ; Alberto Erede, director musical |
| 518 ## - NOTA DE FECHA/HORA Y LUGAR DE UN ACONTECIMIENTO | |
| Nota de fecha/hora y lugar de un acontecimiento | Grabado en la Maison de la Mutualité de París en junio de 1953 |
| 520 ## - RESUMEN, ETC. | |
| Sumario, etc. | William Shakespeare ha sido siempre un manantial inagotable para los compositores. La historia de los dos jóvenes amantes de Verona ha servido a la música en unas cuantas ocasiones. CHarles Gounod, uno de los máximos representantes de la ópera romántica francesa, se sintió también atraído por el tema y escribió una obra llena de equilibrio y sensualidad, de una irresistible belleza melódica. |
| 541 ## - NOTA DE FUENTE DE ADQUISICIÓN DIRECTA | |
| Forma de adquisición | Socio |
| 650 #7 - PUNTO DE ACCESO ADICIONAL DE MATERIA--TÉRMINO DE MATERIA | |
| Término de materia o nombre geográfico como elemento de entrada | Óperas |
| Fuente del encabezamiento o término | embne |
| 9 (RLIN) | 15717 |
| 655 #7 - TERMINO DE INDIZACIÓN--GENERO/FORMA | |
| Datos o término principal de género/forma | Libretos |
| Fuente del término | |
| 9 (RLIN) | 242219 |
| 700 1# - ENTRADA AGREGADA--NOMBRE PERSONAL | |
| Nombre de persona | Barbier, Jules, |
| Fechas asociadas al nombre | 1822-1901. |
| Título de la obra | Roméo et Juliette. Español-Francés |
| Término indicativo de función/relación | Libretista |
| 9 (RLIN) | 238347 |
| 700 1# - ENTRADA AGREGADA--NOMBRE PERSONAL | |
| Nombre de persona | Carré, Michel, |
| Fechas asociadas al nombre | 1819-1872 |
| Término indicativo de función/relación | Libretista |
| 9 (RLIN) | 237915 |
| 700 1# - ENTRADA AGREGADA--NOMBRE PERSONAL | |
| Nombre de persona | Jobin, Raoul, |
| Fechas asociadas al nombre | 1906-1974 |
| Término indicativo de función/relación | Intérprete |
| 9 (RLIN) | 238348 |
| 700 1# - ENTRADA AGREGADA--NOMBRE PERSONAL | |
| Nombre de persona | Micheau, Janine, |
| Fechas asociadas al nombre | 1914-1976 |
| Término indicativo de función/relación | Intérprete |
| 9 (RLIN) | 238349 |
| 700 1# - ENTRADA AGREGADA--NOMBRE PERSONAL | |
| Nombre de persona | Ricquier, Odette |
| Término indicativo de función/relación | Intérprete |
| 9 (RLIN) | 238350 |
| 700 1# - ENTRADA AGREGADA--NOMBRE PERSONAL | |
| Nombre de persona | Rehfuss, Heinz, |
| Fechas asociadas al nombre | 1917-1988 |
| Término indicativo de función/relación | Intérprete |
| 9 (RLIN) | 238351 |
| 700 1# - ENTRADA AGREGADA--NOMBRE PERSONAL | |
| Nombre de persona | Cambon, Charles |
| Término indicativo de función/relación | Intérprete |
| 9 (RLIN) | 238352 |
| 700 1# - ENTRADA AGREGADA--NOMBRE PERSONAL | |
| Nombre de persona | Rialland, Louis |
| Término indicativo de función/relación | Intérprete |
| 9 (RLIN) | 238353 |
| 700 1# - ENTRADA AGREGADA--NOMBRE PERSONAL | |
| Nombre de persona | Mollet, Pierre, |
| Fechas asociadas al nombre | 1920-2007 |
| Término indicativo de función/relación | Intérprete |
| 9 (RLIN) | 238354 |
| 700 1# - ENTRADA AGREGADA--NOMBRE PERSONAL | |
| Nombre de persona | Phillippe, André |
| Término indicativo de función/relación | Intérprete |
| 9 (RLIN) | 240706 |
| 700 1# - ENTRADA AGREGADA--NOMBRE PERSONAL | |
| Nombre de persona | Collart, Claudine |
| Término indicativo de función/relación | Intérprete |
| 9 (RLIN) | 240707 |
| 700 1# - ENTRADA AGREGADA--NOMBRE PERSONAL | |
| Nombre de persona | Roquetty, Camille |
| Término indicativo de función/relación | Intérprete |
| 9 (RLIN) | 240708 |
| 700 1# - ENTRADA AGREGADA--NOMBRE PERSONAL | |
| Nombre de persona | Erede, Alberto, |
| Fechas asociadas al nombre | 1908-2001 |
| Término indicativo de función/relación | Director musical |
| 9 (RLIN) | 238318 |
| 710 2# - ENTRADA AGREGADA--NOMBRE DE ENTIDAD CORPORATIVA | |
| Nombre de entidad corporativa o nombre de jurisdicción como elemento de entrada | Opéra national de Paris. |
| Unidad subordinada | Choeur |
| 9 (RLIN) | 238355 |
| Término indicativo de función/relación | entidad responsable |
| 710 2# - ENTRADA AGREGADA--NOMBRE DE ENTIDAD CORPORATIVA | |
| Nombre de entidad corporativa o nombre de jurisdicción como elemento de entrada | Opéra national de Paris. |
| Unidad subordinada | Orchestre |
| Término indicativo de función/relación | entidad responsable |
| 9 (RLIN) | 238356 |
| 830 #4 - PUNTO DE ACCESO ADICIONAL DE SERIE-TÍTULO UNIFORME | |
| 9 (RLIN) | 235583 |
| Título uniforme | Los clásicos de la ópera, 400 años ; |
| Designación de volumen o secuencia | 36 |
| 852 ## - LOCALIZACIÓN | |
| Ubicación | ES-MaACL |
| 942 ## - ELEMENTOS DE ENTRADA SECUNDARIOS (KOHA) | |
| Fuente del sistema de clasificación o colocación | Clasificación decimal universal |
| Tipo de ítem Koha | Libro impreso |
| Suprimir en OPAC | No |
| Estatus retirado | Estado de pérdida | Fuente del sistema de clasificación o colocación | Estado de daño | No para préstamo | Biblioteca de origen | Biblioteca actual | Ubicación en estantería | Fecha de adquisición | Fuente de adquisición | Total de préstamos | Signatura topográfica completa | Código de barras | Visto por última vez | Precio de reemplazo | Tipo de ítem Koha |
|---|---|---|---|---|---|---|---|---|---|---|---|---|---|---|---|
| Clasificación decimal universal | Biblioteca del Ateneo de Madrid | Biblioteca del Ateneo de Madrid | Depósito J | 24/05/2025 | DONACION | N-9831 | 101230136 | 24/05/2025 | 24/05/2025 | Libro impreso |
